Finite groups of mapping classes of surfaces

Gespeichert in:
Bibliographische Detailangaben
Format: Buch
Sprache:Englisch
Veröffentlicht: Berlin Springer 1981
Schriftenreihe:Lecture notes in mathematics 875
Tags: Tag hinzufügen
Keine Tags, Fügen Sie das erste Tag hinzu!

MARC

LEADER 00000nam a2200000 4500
001 c138624
005 20260327110736.5
041 0 |a eng 
044 |a DE 
245 1 0 |a Finite groups of mapping classes of surfaces  |c Heiner Zieschang 
264 1 |a Berlin  |b Springer  |c 1981 
300 |a 340 s. 
490 1 |a Lecture notes in mathematics  |v 875 
830 0 |a Lecture notes in mathematics  |v 875